Statistics for Billy Joel Lyrics Quiz (Part 23)

Click here to take the quiz!

General Stats

  • This quiz has been taken 12 times
  • The average score is 165 of 237

Answer Stats

Answer% Correct
I
100%
we
100%
You
100%
a
89%
all
89%
And
89%
are
89%
could
89%
for
89%
from
89%
go
89%
here
89%
my
89%
on
89%
so
89%
the
89%
The
89%
there
89%
There
89%
They
89%
To
89%
always
78%
at
78%
But
78%
didn’t
78%
down
78%
in
78%
it
78%
It
78%
know
78%
Like
78%
no
78%
one
78%
out
78%
say
78%
that
78%
That
78%
up
78%
were
78%
who
78%
almost
67%
Broadway
67%
cared
67%
island
67%
I’ve
67%
life
67%
lights
67%
long
67%
never
67%
not
67%
Palisades
67%
said
67%
Seen
67%
seen
67%
stay
67%
still
67%
time
67%
took
67%
us
67%
was
67%
way
67%
went
67%
with
67%
years
67%
about
56%
ago
56%
before
56%
Before
56%
beyond
56%
blew
56%
bought
56%
bridges
56%
Bronx
56%
Brooklyn
56%
Cadillacs
56%
civil
56%
drove
56%
fall
56%
Florida
56%
Forty
56%
free
56%
keep
56%
left
56%
lived
56%
Manhattan
56%
many
56%
Mexico
56%
our
56%
over
56%
power
56%
remember
56%
right
56%
saw
56%
sea
56%
second
56%
sent
56%
show
56%
skyline
56%
Spanish
56%
street
56%
tell
56%
turned
56%
underground
56%
war
56%
We’d
56%
world
56%
alive
44%
away
44%
Battery
44%
blow
44%
bright
44%
burned
44%
carrier
44%
churches
44%
concert
44%
Empire
44%
everywhere
44%
feet
44%
flames
44%
handful
44%
Harlem
44%
held
44%
laid
44%
low
44%
Mafia
44%
memory
44%
Norfolk
44%
notice
44%
picked
44%
Queens
44%
really
44%
ruins
44%
sailed
44%
sank
44%
State
44%
survive
44%
those
44%
watch
44%
Yankees
44%
boats
33%
mighty
33%
strike
33%
union
33%
waiting
33%

Score Distribution

Percentile by Number Answered

Percent of People with Each Score

Your Score History

You have not taken this quiz